Los bandos de Villa-Frita (Record no. 160556)
[ view plain ]
| 000 -LEADER | |
|---|---|
| campo de control de longitud fija | 01235nam a22002535i 4500 |
| 001 - NÚMERO DE CONTROL | |
| campo de control | 160556 |
| 003 - IDENTIFICADOR DE NÚMERO DE CONTROL | |
| campo de control | ES-MaACL |
| 005 - FECHA Y HORA DE LA ÚLTIMA TRANSACCIÓN | |
| campo de control | 20250824074926.0 |
| 008 - DATOS DE LONGITUD FIJA--INFORMACIÓN GENERAL | |
| campo de control de longitud fija | 020403s1885 sp |||| | spa d |
| 040 ## - FUENTE DE CATALOGACIÓN | |
| Centro catalogador/agencia de origen | CAM |
| Lengua de catalogación | spa |
| Centro/agencia transcriptor | CAM |
| 100 1# - ENTRADA PRINCIPAL--NOMBRE DE PERSONA | |
| Nombre de persona | Navarro Gonzalvo, Eduardo, |
| Fechas asociadas al nombre | 1846-1902 |
| 9 (RLIN) | 85134 |
| 245 14 - MENCIÓN DEL TÍTULO | |
| Título | Los bandos de Villa-Frita |
| Resto del título | : crónica manchega cómica-lírica en un acto, dividida en tres cuadros, original y en verso / |
| Mención de responsabilidad, etc. | letra de Eduardo Navarro Gonzalvo ; música del maestro Manuel Fernández Caballero. |
| 250 ## - MENCION DE EDICION | |
| Mención de edición | 6ª ed. |
| 260 ## - PUBLICACIÓN, DISTRIBUCIÓN, ETC. | |
| Lugar de publicación, distribución, etc. | Madrid : |
| Nombre del editor, distribuidor, etc. | [Florencio Fiscowich], |
| Fecha de publicación, distribución, etc. | 1885 ( |
| Fabricante | Imprenta de José Rodríguez) |
| 300 ## - DESCRIPCIÓN FÍSICA | |
| Extensión | 43 p. ; |
| Dimensiones | 20 cm. |
| 490 1# - MENCIÓN DE SERIE | |
| Mención de serie | El teatro : coleccion de obras dramaticas y liricas |
| 500 #1 - NOTA GENERAL | |
| Nota general | Estrenada en el teatro de Recoletos, el día 5 de agosto de 1884. |
| 500 ## - NOTA GENERAL | |
| Nota general | Solo la letra. |
| 596 #1 - NOTA AL PIE DE IMPRENTA | |
| NOTA AL PIE DE IMPRENTA | En verso de port. consta: "... de la galería lírico-dramática titulada El Teatro, de Florencio Fiscowich ..." |
| 700 0# - ENTRADA AGREGADA--NOMBRE PERSONAL | |
| Nombre de persona | Fernández Caballero, Manuel. |
| 9 (RLIN) | 49531 |
| 830 03 - PUNTO DE ACCESO ADICIONAL DE SERIE-TÍTULO UNIFORME | |
| Título uniforme | El teatro: colección de obras dramática y líricas |
| 9 (RLIN) | 221753 |
| 852 ## - LOCALIZACIÓN | |
| Ubicación | ES-MaACL |
| Número de control de estantería | D-2525(6) |
| Nota libre | -- Enc. hol. conservando la cub. original |
| -- | .- Legado M. de La Fuente |
| Estatus retirado | Estado de pérdida | Estado de daño | No para préstamo | Colección | Biblioteca de origen | Biblioteca actual | Ubicación en estantería | Fecha de adquisición | Total de préstamos | Signatura topográfica completa | Código de barras | Visto por última vez | Precio de reemplazo | Tipo de ítem Koha |
|---|---|---|---|---|---|---|---|---|---|---|---|---|---|---|
| Libros del s. XIX | Biblioteca del Ateneo de Madrid | Biblioteca del Ateneo de Madrid | Sala Valle Inclán | 17/01/2008 | D-2525(6) | 901168115 | 23/02/2023 | 23/02/2023 | Libro impreso antiguo |
